| 000 | 01299nac a22004097a 4500 | ||
|---|---|---|---|
| 001 | BR0902631 | ||
| 003 | BR-BrBNA | ||
| 005 | 20240105123744.0 | ||
| 008 | 230509b bl.|||m| |||| 00| 0 por d | ||
| 040 |
_aBR-BrBNA _bpor _cBiblioteca Nacional de Agricultura |
||
| 072 | _aQ02 | ||
| 090 | _a2120 BR0902631 | ||
| 100 | 1 | _aDonzeles, S.M.L. | |
| 100 | 1 | _aSilva, J. de S. e | |
| 100 | 1 | _aMagalhães, E.A. | |
| 100 | 1 | _aAraújo, R.F. | |
| 100 | 1 | _aSantos, I.C. do | |
| 100 | 1 | _aMartins, S. | |
| 110 | 1 | _aEmpresa de Pesquisa Agropecuária de Minas Gerais, Belo Horizonte (Brasil) | |
| 245 | 1 | _aTécnicas para processamento de café e inovações tecnológicas acessíveis para produção de café com qualidade | |
| 260 | 3 |
_aBelo Horizonte, MG (Brasil): _c2008. |
|
| 300 | _a48 p. | ||
| 490 |
_aBoletim Técnico - Empresa de Pesquisa Agropecuária de Minas Gerais (Brazil) _vno. 87 _xISSN 0101-062X |
||
| 500 | _a24 illus.; 8 ref. | ||
| 650 | _aCAFÉ | ||
| 650 | _aAMOSTRAGEM | ||
| 650 | _aCOLHEITA | ||
| 650 | _aPROCESSAMENTO | ||
| 650 | _aSECAGEM | ||
| 650 | _aSECAGEM ARTIFICIAL | ||
| 650 | _aTEOR DE UMIDADE | ||
| 650 | _aINOVAÇÃO | ||
| 650 | _aTECNOLOGIA | ||
| 650 | _aARMAZENAMENTO | ||
| 909 |
_a202312 _bLúcia Elande _c55 _dLúcia Elande |
||
| 942 |
_2AGRIS _n0 _cMS |
||
| 999 |
_c296861 _d296861 |
||